| 000 | 00731cab a2200229 4500 | ||
|---|---|---|---|
| 001 | WB2817-29 | ||
| 008 | 090401t1992 xxu||||| |||| 00| 0 eng d | ||
| 035 | _a(Sirsi) u49030 | ||
| 041 | _aeng | ||
| 245 | _aEco-labelling scheme grips business | ||
| 260 | _c1992 | ||
| 350 | _a0 | ||
| 490 |
_aConstruction News _v(6261) 23 April 1992, 4(1) |
||
| 520 | _aThe European scheme for eco-labelling is voluntary, but the British building industry is warned that it will lose business if it opts out. | ||
| 650 | _aBUILT ENVIRONMENT-BUILDING MATERIALS | ||
| 650 | _aECO-AUDIT | ||
| 650 | _aECO-LABELLING | ||
| 650 | _aENVIRONMENTALLY-FRIENDLY MATERIALS | ||
| 690 | _aEUROPE-SINGLE MARKET | ||
| 942 | _n0 | ||
| 948 | _c04/03/1997 | ||
| 999 |
_c30731 _d30731 |
||